| 000 | 00448nam a2200157 i 4500 | ||
|---|---|---|---|
| 001 | 50991 | ||
| 003 | ES-MaACL | ||
| 005 | 20230906162255.0 | ||
| 007 | t| | ||
| 008 | 030807s1983 ch ||||1| eng d | ||
| 100 | 1 |
_aChang, Chen-pong. _937963 |
|
| 245 | 1 | 0 |
_aTheory and reality of communism / _cby Chang Chen-pong. |
| 260 |
_a[S.l.] : _bWorld Anti-Communist League, _c1983. |
||
| 300 |
_a37 p. ; _c19 cm. |
||
| 852 |
_aES-MaACL _j2122-F-17 _bR.106296 |
||
| 999 |
_c50991 _d50991 |
||